| 000 | 01516nmm a2200421 a 4500 | ||
|---|---|---|---|
| 003 | AR-BaBNM | ||
| 005 | 20251128204035.0 | ||
| 008 | 046019s1991 ||||||||||||||000 | spa|| | ||
| 040 | _cAR-BaBNM | ||
| 110 | 2 | _aUNESCO | |
| 245 | 1 | 0 |
_aWorld conference on education for all _bmeeting basic learning needs : final report |
| 250 | _a2ª ed. | ||
| 260 |
_aNew York _bUNICEF _bUnesco _bWORLD BANK _bUNDP _c1991 |
||
| 300 | 0 | _a119 p. | |
| 500 | 0 | _aEl libro contiene un reporte de las cuestiones principales discutidas en el Congreso Internacional de Educación realizado en Tailandia en marzo de 1990 conocido como Educación para Todos | |
| 500 | 1 | _aUNESCO: ORAGNIZACION DE LAS NACIONES UNIDAS PARA LA EDUCACION, LA CIENCIA Y LA CULTURA | |
| 500 | 0 | _aUNICEF: FONDO DE LAS NACIOENS UNIDAS PARA LA INFANCIA | |
| 500 | 0 | _aUNDP: PROGRAMA DE DESARROLLO DE NACIONES UNIDAS | |
| 500 | 0 | _aWORLD BANK: BANCO MUNDIAL | |
| 650 | 4 | _aDOCUMENTOS DE EDUCACION | |
| 650 | 4 | _aFINALIDADES DE LA EDUCACION | |
| 650 | 4 | _aMETAS EDUCACIONALES | |
| 650 | 4 | _aPOLITICA EDUCATIVA | |
| 651 | 4 | _aTailandia | |
| 651 | 4 | _aEuropa | |
| 651 | 4 | _aAsia | |
| 651 | 4 | _aAmérica Latina | |
| 651 | 4 | _aAfrica | |
| 700 | 1 | _aHaddad, Wadi D. | |
| 700 | 1 | _aColletta, Nat J. | |
| 700 | 1 | _aFisher, Nigel | |
| 700 | 1 | _aLakin, Michael | |
| 700 | 0 | _aRinaldi R. | |
| 710 | 2 | _aUNICEF | |
| 711 | 2 |
_aWorld Conference on Education for All: meeting basic learning needs _cJomtien, Tailandia _9mar. 5-9 _d1990 |
|
| 942 | _cBK | ||
| 998 | _cSILVI | ||
| 999 |
_c5920 _d5920 |
||